000 00790nam a2200205 a 4500
003 BD-RjUL
005 20250826112204.0
008 250826s1965 ii ||||| |||| 00| 0 ben d
035 _a(BD-RjUL)
040 _aBD-RjUL
_bben
_cBD-RjUL
_dBD-RjUL
041 _aben
082 _223
_a891.73
_bPRI 1965
245 0 0 _aপৃথিবীর শ্রেষ্ঠ গল্প /
_cঅনিলেন্দু চক্রবর্তী
260 _aকলিকাতা :
_bমিত্র ও ঘোষ,
_c১৯৬৫
300 _aখন্ড ;
_c২০সেমি
505 _aখণ্ড. ১, রুশ --খণ্ড. ৪র্থ ফরাসী--
650 _aছোট গল্প--রাশিয়া
_9210561
650 _aShort sories--Russian.
_9210562
942 _2ddc
_cBK
999 _c71166
_d71166